zpět

Detail výsledku týmu

Burgr's Club, Lednice

Datum a čas kvízu

38 Celkem bodů Celkový počet nahraných bodů na tomto kvízu bez doplňovacích otázek.
1. Pořadí na kvízu Konečné umístění týmu na tomto kvízu.

Zaznamenané odpovědi

# Otázka Odpověď Body Výsledky
1. V pondělí jsme si připomněli D... Jan Cina 1
2. Na obrázku můžete vidět Leonor... za lososa 1
3. V pátek proběhlo slavnostní vy... Vladimír Mišík 1
4. Relativně málo známý Portrét E... Gustav Klimt 1
5. Turecký fotbalista Kerem Aktur... Harry Potter 0
6. Za půl bodu uveďte název ameri... Bratrstvo neohrožených/Band of Brothers; Richard „Dick“ Winters 1
7. Seřaďte následující vojenské h... 1D 2A 3C 4B 1
8. Po půl bodu můžete dostat za u... Karel Kryl; Bratříčku, zavírej vrátka 1
9. Jednotka českých a slovenských... o Francii 0
10. Ve kterém satirickém románu vy... Hlava XXII (Catch-22) 1